|
|
|
|
| LEADER |
00000nam a2200000 a 4500 |
| 001 |
vtls008337945 |
| 003 |
SK-MaSNL |
| 005 |
20260301123203.0 |
| 008 |
230403s1967 xo slo |
| 015 |
|
|
|a SNBA1967/08-01241
|
| 035 |
|
|
|a SK01SNK19670030162
|
| 035 |
|
|
|a urn:nbn:sk:snk-amyd9j
|
| 035 |
|
|
|a urn:nbn:sk:snk-am00cfyh
|
| 035 |
|
|
|a E70CF1AB-4B99-45C8-877C-13367E314E9E
|
| 035 |
|
|
|a SKM000032625
|
| 040 |
|
|
|a SNK
|b slo
|c SNK
|e AACR2
|
| 041 |
0 |
|
|a slo
|
| 044 |
|
|
|a xo
|
| 080 |
|
|
|a 943.76"1944":323.232
|2 1981
|
| 080 |
|
|
|a 323.232:943.76"1944"
|2 1981
|
| 100 |
1 |
|
|a Motoška, Vladimír,
|d 1927-
|4 aut
|9 259609
|
| 245 |
1 |
0 |
|a SNP a uvedomovací proces v národe
|b k 23. výr. SNP ...
|c Vladimír Motoška
|
| 260 |
|
|
|a Banská Bystrica
|b Stredoslovenské vydavateľstvo
|c 1967
|e Nitra
|f Západoslovenské tlačiarne
|
| 300 |
|
|
|a 217, [4] s.
|c 8°
|
| 490 |
1 |
|
|a Náš kraj
|v zv. 59
|
| 500 |
|
|
|a Zozn. lit. a prameňov. Pozn. Odkazy na lit. Rozlož. tit. list
|
| 650 |
0 |
7 |
|a Slovenské národné povstanie (1944)
|x práca politicko-výchovná
|x štúdie
|2 SNK
|9 469815
|
| 650 |
0 |
7 |
|a práca politicko-výchovná
|x SNP
|y 1944
|x štúdie
|2 SNK
|9 469816
|
| 655 |
|
7 |
|a príručky
|2 SNKPH
|9 74364
|
| 830 |
|
0 |
|a Náš kraj
|9 266100
|
| 852 |
|
|
|a Slovenská národná knižnica
|
| 954 |
|
|
|a odborná, vedecká literatúra pôvodná (slovenská)
|2 lita
|
| 958 |
|
|
|a OND
|
| 958 |
|
|
|a TL
|
| 958 |
|
|
|a NB
|
| 958 |
|
|
|a RK
|
| 958 |
|
|
|a EUIPO
|
| 999 |
|
|
|c 735366
|d 737296
|
| 952 |
|
|
|a SNK
|b SNK
|y NEVYP
|7 0
|p 17A0492357
|o snkSD 31909 D1
|i snkKSP 5713/67
|3 Rescan DKV Vrútky
|0 0
|1 0
|4 0
|d 2006-02-02
|l 0
|r 2026-02-23 22:42:40
|w 2026-02-23
|
| 952 |
|
|
|a SNK
|b SNK
|y PREZ
|7 0
|p 17A0822840
|o snkSD 31909
|0 0
|1 0
|4 0
|d 2013-08-08
|f 1
|l 0
|r 2026-02-23 22:42:40
|w 2026-02-23
|